Ni menores, ni jóvenes, ni conflictivos, ni locos : deconstrucción del adultocentrismo penal para una teoría especifica penal adolescente /

Bibliographic Details
Main Author: Martín Aimar, Germán D. (Author)
Format: Electronic eBook
Language:Spanish
Published: Santiago, Chile : Ediciones Olejnik, [2023]
Series:Biblioteca de criminología.
Subjects:
Online Access:Digitalia Hispánica

MARC

LEADER 00000nam a2200000Ii 4500
001 DIGOLEJNK1354
003 NyNyDIG
006 m o d
007 cr |||||||||||
008 251203s2023 cl o 000 0 spa d
035 |a (OCoLC)1430479516 
040 |a DGITA  |b eng  |e rda  |e pn  |c DGITA 
020 |z 9789564073859 
043 |a s-ag--- 
050 1 4 |a KHA5936 ebook 
100 1 |a Martín Aimar, Germán D.,  |e author. 
245 1 0 |a Ni menores, ni jóvenes, ni conflictivos, ni locos :  |b deconstrucción del adultocentrismo penal para una teoría especifica penal adolescente /  |c Germán D. Martín Aimar.  
264 1 |a Santiago, Chile :  |b Ediciones Olejnik,  |c [2023] 
300 |a 1 online resource. 
336 |a text  |b txt  |2 rdacontent 
337 |a computer  |b c  |2 rdamedia 
338 |a online resource  |b cr  |2 rdacarrier 
347 |a text file  |2 rdaft 
347 |b PDF 
490 1 |a Biblioteca de criminología 
588 0 |a Online resource; title from PDF title page (Digitalia, viewed December 3, 2025) 
650 0 |a Juvenile justice, Administration of  |z Argentina. 
650 0 |a Minors  |z Argentina. 
650 0 |a Children's rights  |z Argentina. 
791 2 |a Digitalia (Firm),  |e distributor. 
793 0 |g Digitalia eBook Collection:  |a Ediciones Olejnik 
776 0 8 |i Print version:  |a Martín Aimar, Germán D.  |t Ni menores, ni jóvenes, ni conflictivos, ni locos.  |d Santiago, Chile : Ediciones Olejnik, 2023  |z 9789564073859 
830 0 |a Biblioteca de criminología. 
856 4 0 |3 Digitalia Hispánica  |u https://www.digitaliapublishing.com/a/157863/ 
910 |a Premium collection: 2025